000 01775nam a2200289Ia 4500
003 OSt
005 20241009152205.0
008 200731s9999 xx 000 0 und d
020 _a7511719562
020 _a9787511719560
040 _cGETS
041 _achi
_heng
050 _aBS2545.E8
_b.H3912 2014 
100 _aHays, Richard B.
245 _a基督教新約倫理學
_b= The moral vision New Testament /
_c海斯 (Richard B. Hays) 著; 白陈毓华译
246 _a基督教新约伦理学
260 _a北京:
_b中央编译出版社,
_c2014
300 _a756 p. :
_bill. ; 
_c 23 cm.
500 _aTranslation of: The moral vision of the New Testament
505 _a 描述工作 : 新約中的倫理生活意境 -- 保羅 : 與祂一同受苦 -- 保羅神學傳統的發展 -- 馬可福音 : 背起十架 -- 馬太福音 : 為天國受訓 -- 路加福音-使徒行傳 : 透過聖靈的能力得釋放 -- 約翰福音及約翰書信 : 彼此相愛 -- 附記 : [歷史的耶穌]在新約倫理學的角色 -- 啟示錄 : 與獸抗戰 -- 綜合工作 : 找出新約倫理意境的一貫性 -- 新約聖經中的多樣聲音 -- 三個焦點意象 : 群體, 十架, 新造 -- 詮釋工作 : 把新約聖經用在基督教倫理學上 -- 倫理學者如何使用聖經: 診斷性的問題 -- 五種代表性的詮釋策略 -- 我們如何使用聖經經文 : 幾項原則方案 -- 實踐工作 : 活出經文 : 案例演練 -- 為捍衛正義而訴諸暴力 -- 離婚及再婚 -- 同性戀 -- 反猶太主義和種族衝突 -- 墮胎 -- 結論
650 _aBible. -- New Testament -- Criticism, interpretation, etc.
650 _aChristian ethics.
650 _aEthics in the Bible.
700 _a海斯
700 _a白陈毓华
942 _cCB
_2ddc
999 _c24
_d24